Βάσος Καπάνταης : γλύπτης
Saved in:
| Corporate Author: | |
|---|---|
| Other Authors: | |
| Format: | Book |
| Language: | Greek |
| Published: |
Αθήνα :
Μουσείο Μπενάκη, Άγρα,
2007
|
| Subjects: | |
| Tags: |
Add Tag
No Tags, Be the first to tag this record!
|
MARC
| LEADER | 00000cam a2200000 i 4500 | ||
|---|---|---|---|
| 001 | 1/105457 | ||
| 008 | 090525s2007 gre d | ||
| 020 | |a 978-960-8347-57-1 (Μουσείο Μπενάκη) | ||
| 020 | |a 978-960-325-674-8 (Εκδόσεις Άγρας) | ||
| 035 | |l 10104835 | ||
| 040 | |a GR-MY-UA |b gre |e aacr | ||
| 041 | 0 | |a gre | |
| 082 | 0 | |a 730.9495 |2 (22) | |
| 245 | 1 | 0 | |a Βάσος Καπάνταης : |b γλύπτης / |c επιμελητής Γιώργος Χατζημιχάλης |
| 260 | |a Αθήνα : |b Μουσείο Μπενάκη, |b Άγρα, |c 2007 | ||
| 300 | |a 205 σ.; |b εικ.; |c 30 εκ. | ||
| 500 | |a Η παρούσα έκδοση πραγματοποιήθηκε στο πλαίσιο της έκθεσης "Βάσος Καπάνταης, Γλύπτης", η οποία οργανώθηκε στο Μουσείο Μπενάκη, κτήριο Οδού Πειραιώς, από 8 Μαρτίου εώς 6 Μαϊου 2007 | ||
| 600 | 1 | 0 | |a Καπάνταης, Βάσος, |d 1924-1990. |
| 650 | 0 | 0 | |a Sculpture |z Greece |y 20th century. |
| 650 | 0 | 0 | |a Sculptors |z Greece |y 20th century. |
| 650 | 0 | 0 | |a Sculpture, Greek |y 20th century. |
| 700 | 1 | |a Χατζημιχάλης, Γιώργος, |d 1954- |4 edt | |
| 710 | 2 | |a Μουσείο Μπενάκη. | |
| 852 | |a INST |b LESVOS |e 20090525 |h 730.9495 ΒΑΣ |p 005100045051 |q 005100045051 |t BK |y 0 | ||
| 901 | |a BIBL1-2009-2 | ||
| 909 | |a Λ |b 158838 | ||
| 970 | |a ΚΑΡΑ |b ΓΙΑΣΕΜΗ |z 2009/05/25 | ||